Bildkommunikation Bedeutung, Technik und Nutzung eines neuen Informationsmediums

Saved in:
Bibliographic Details
Main Author: Fischer, Kurt
Format: Book
Language:German
Published: Berlin Springer 1987
Edition:1. Aufl.
Tags: Add Tag
No Tags, Be the first to tag this record!

MARC

LEADER 00000nam a2200000 4500
001 c038839
005 20221206140006.1
041 0 |a ger 
044 |a DE 
245 1 0 |a Bildkommunikation  |b Bedeutung, Technik und Nutzung eines neuen Informationsmediums  |c Kurt Fischer 
250 |a 1. Aufl. 
264 1 |a Berlin  |b Springer  |c 1987 
300 |a 132 s. 
100 1 |a Fischer, Kurt